| 000 | 00745cam a22002413a 4500 | ||
|---|---|---|---|
| 001 | 19147 | ||
| 003 | PGUSA | ||
| 005 | 20140828083415.0 | ||
| 008 | 060830s2006||||xxu|||||s|||||000 | eng d | ||
| 040 |
_aPGUSA _beng |
||
| 042 | _adc | ||
| 050 | 4 | _aPS | |
| 100 | 1 |
_aGreen, Anna Katharine, _d1846-1935 |
|
| 245 | 1 | 4 |
_aThe House in the Mist _h[electronic resource] / _cAnna Katharine Green |
| 260 |
_bProject Gutenberg, _c2006 |
||
| 505 | 0 | _aThe house in the mist -- The ruby and the caldron -- The hermit of ---- street | |
| 506 | _aPublic domain in the USA. | ||
| 516 | _aElectronic text | ||
| 653 | _aDetective and mystery stories | ||
| 830 | 0 |
_aProject Gutenberg _v19147 |
|
| 856 | 4 | 0 | _uhttp://www.gutenberg.org/ebooks/19147 |
| 942 | _cEB | ||
| 999 |
_c248402 _d248402 |
||